| 000 | 00762nac a22002291u 4500 | ||
|---|---|---|---|
| 020 | _a0632010924 (pbk) | ||
| 082 |
_a 616.15 _bC7272 |
||
| 090 |
_c3609 _d3609 |
||
| 100 | _aColvin, B. T. | ||
| 245 |
_aHaematology / _c B.T. Colvin, A.C. Newland. |
||
| 260 |
_aOxford : _b Blackwell Scientific, 1988. _c1988 |
||
| 300 |
_a[384]p. : _bill. ; _c19cm. |
||
| 490 | _aPocket consultant | ||
| 500 | _a Includes index. | ||
| 500 | _aDonations | ||
| 500 | _aDonations-Bibliotheca Alexandrina | ||
| 650 | _aHematology | ||
| 650 |
_aMedicine _x Haematology |
||
| 700 | _aNewland, A. C. | ||
| 942 |
_cBB _k 616.15C7272 |
||
| 999 |
_c3609 _d3609 |
||